[Event "LITOMYSL OPEN 2019 A - FIDE open"]
[Site "Litomysl, Domov mladeze VOSP a"]
[Date "2019.12.27"]
[Round "3"]
[White "Kishan, Gangolli"]
[Black "Brozka, Karel"]
[Result "1-0"]
[WhiteElo "2078"]
[BlackElo "1918"]
[PlyCount "55"]
[EventDate "2019.12.26"]

1. d4 Nf6 2. c4 c5 3. d5 b5 4. cxb5 a6 5. bxa6 Bxa6 6. Nc3 d6 7. e4 Bxf1 8.
Kxf1 g6 9. g3 Bg7 10. Nf3 Nbd7 11. Kg2 O-O 12. a4 Ra6 13. Qc2 Qa8 14. Nb5 Qb7
15. Ra3 Rfa8 16. b3 e6 17. dxe6 fxe6 18. Re1 Rf8 19. Bf4 d5 20. Bd6 dxe4 21.
Ng5 Re8 22. Nxe4 Nd5 23. Qe2 Rb6 24. Kg1 Rc6 25. Qf3 c4 26. Ng5 Rxd6 27. Qf7+
Kh8 28. Qxe8+ 1-0

[Event "LITOMYSL OPEN 2019 A - FIDE open"]
[Site "Litomysl, Domov mladeze VOSP a"]
[Date "2019.12.27"]
[Round "3"]
[White "Starosciak, Szymon"]
[Black "Zerebiec, Maurycy"]
[Result "1/2-1/2"]
[WhiteElo "1729"]
[BlackElo "1983"]
[PlyCount "78"]
[EventDate "2019.12.26"]

1. d4 Nf6 2. c4 e5 3. dxe5 Ng4 4. Nf3 Bc5 5. e3 Nc6 6. Be2 Ngxe5 7. Nxe5 Nxe5
8. O-O O-O 9. Nc3 d6 10. b3 Be6 11. Bb2 f5 12. Na4 Nd7 13. Bf3 Rb8 14. Nxc5
dxc5 15. Qc2 Qe7 16. Rfd1 Nf6 17. Rd2 b6 18. Rad1 Rbd8 19. Rxd8 Rxd8 20. Rxd8+
Qxd8 21. Qd1 Qxd1+ 22. Bxd1 Kf7 23. Be5 Ne8 24. Bf3 Nd6 25. h4 g6 26. Kh2 Ke7
27. Kg3 Kd7 28. Kf4 Nf7 29. Bf6 c6 30. Be2 Kd6 31. f3 Kd7 32. g4 fxg4 33. fxg4
Kd6 34. h5 a6 35. Bd3 gxh5 36. gxh5 h6 37. Bg7 Kd7 38. Be4 b5 39. Bd3 Bh3
1/2-1/2

[Event "LITOMYSL OPEN 2019 A - FIDE open"]
[Site "Litomysl, Domov mladeze VOSP a"]
[Date "2019.12.27"]
[Round "3"]
[White "Jakl, Ales"]
[Black "Vaval, Aaditi"]
[Result "1/2-1/2"]
[WhiteElo "2018"]
[BlackElo "1773"]
[PlyCount "90"]
[EventDate "2019.12.26"]

1. d4 d5 2. Nf3 c5 3. g3 Nc6 4. Bg2 e6 5. O-O Nf6 6. c3 Be7 7. Nbd2 O-O 8. Re1
cxd4 9. cxd4 Qb6 10. e3 Rd8 11. a3 a5 12. b3 Bd7 13. Bb2 a4 14. b4 Be8 15. Qb1
h6 16. Rc1 Rac8 17. Bf1 Na7 18. Ne5 Bb5 19. Bxb5 Nxb5 20. Qd3 Nd6 21. f3 Qb5
22. Qxb5 Nxb5 23. Kf2 Kf8 24. Nd3 b6 25. Ke1 Bd6 26. Kd1 Ke7 27. Rxc8 Rxc8 28.
Rc1 Rxc1+ 29. Kxc1 h5 30. e4 dxe4 31. fxe4 Bc7 32. Nf2 g6 33. Kc2 Na7 34. Kd3
b5 35. Nd1 Bb8 36. Nf3 Nd7 37. Bc1 f6 38. Ne3 Nc6 39. Bb2 g5 40. Ng1 h4 41. Ne2
hxg3 42. hxg3 Nb6 43. g4 Bf4 44. Nc2 Nc4 45. Bc3 Kd6 1/2-1/2

[Event "LITOMYSL OPEN 2019 A - FIDE open"]
[Site "Litomysl, Domov mladeze VOSP a"]
[Date "2019.12.27"]
[Round "3"]
[White "Houska, Bronislav"]
[Black "Benci, Rudolf"]
[Result "1-0"]
[WhiteElo "1989"]
[BlackElo "1679"]
[PlyCount "89"]
[EventDate "2019.12.26"]

1. c4 c6 2. g3 d5 3. Nf3 Nf6 4. Bg2 e6 5. O-O Nbd7 6. d4 Be7 7. Qc2 O-O 8. Nbd2
Rb8 9. b3 b5 10. e4 dxe4 11. Nxe4 Bb7 12. Bf4 Rc8 13. Rfd1 Nxe4 14. Qxe4 Nf6
15. Qe2 Bd6 16. Bxd6 Qxd6 17. cxb5 cxb5 18. Qxb5 Ba6 19. Qe5 Qc6 20. Qe3 Bb7
21. Rac1 Qd5 22. Ne1 Qd7 23. Bxb7 Qxb7 24. Rc5 Ne4 25. Rc4 Nd6 26. Rxc8 Rxc8
27. Rc1 Rd8 28. Qf3 Qd7 29. Qc6 Kf8 30. Nf3 f6 31. Kf1 Ke7 32. Ke2 Rc8 33.
Qxd7+ Kxd7 34. Rxc8 Kxc8 35. Kd3 Kb7 36. Nd2 Kc6 37. Ne4 Nf5 38. Kc4 Ne7 39. b4
Nc8 40. b5+ Kb6 41. Kb4 f5 42. Nc5 Nd6 43. a4 g6 44. a5+ Kc7 45. Nxe6+ 1-0

[Event "LITOMYSL OPEN 2019 A - FIDE open"]
[Site "Litomysl, Domov mladeze VOSP a"]
[Date "2019.12.28"]
[Round "4"]
[White "Tyutyunnikov, Alexey"]
[Black "Khulapov, Vyacheslav"]
[Result "1/2-1/2"]
[WhiteElo "2292"]
[BlackElo "2065"]
[PlyCount "87"]
[EventDate "2019.12.26"]

1. e4 d5 2. exd5 Nf6 3. Nf3 Nxd5 4. d4 g6 5. c4 Nb6 6. Nc3 Bg7 7. c5 Nd5 8. Bc4
c6 9. O-O O-O 10. Re1 Bg4 11. Bg5 Bf6 12. Bh6 Bg7 13. Bxg7 Nxc3 14. bxc3 Kxg7
15. h3 Bxf3 16. Qxf3 e6 17. Rab1 Qc7 18. h4 h5 19. Qg3 Rc8 20. Qg5 Nd7 21. Bxe6
Re8 22. Bc4 Nf6 23. f3 b5 24. cxb6 axb6 25. Qd2 b5 26. Bb3 Qg3 27. Qf2 Qf4 28.
Rxe8 Nxe8 29. Re1 Nd6 30. g3 Qf6 31. Kg2 Nf5 32. Re5 Rd8 33. Bc2 Nd6 34. Bd3
Ra8 35. Qd2 Ra3 36. Qb2 Ra4 37. Qb3 Nc4 38. Bxc4 Rxc4 39. Re4 Qd6 40. Qb2 Ra4
41. Re2 Qd5 42. Qb3 Qd6 43. Qb2 Qd5 44. Qb3 1/2-1/2

[Event "LITOMYSL OPEN 2019 A - FIDE open"]
[Site "Litomysl, Domov mladeze VOSP a"]
[Date "2019.12.28"]
[Round "4"]
[White "Chudinovskikh, Alexander M"]
[Black "Rokos, Filip"]
[Result "1/2-1/2"]
[WhiteElo "2157"]
[BlackElo "2003"]
[PlyCount "58"]
[EventDate "2019.12.26"]

1. Nf3 Nf6 2. c4 e6 3. Nc3 d5 4. d4 Be7 5. Bf4 O-O 6. e3 b6 7. cxd5 exd5 8. Bd3
c5 9. Ne5 Bb7 10. O-O Nc6 11. Rc1 a6 12. b3 Bd6 13. Qf3 Re8 14. Nxc6 Bxc6 15.
Rfd1 Qc7 16. Bg3 Bxg3 17. Qxg3 Qe7 18. h3 a5 19. Ne2 a4 20. dxc5 axb3 21. axb3
bxc5 22. b4 Ba4 23. Bc2 Bxc2 24. Rxc2 cxb4 25. Rc7 Qe4 26. Nd4 Reb8 27. Qf3 h6
28. Qxe4 Nxe4 29. Nc6 Rb5 1/2-1/2

[Event "LITOMYSL OPEN 2019 A - FIDE open"]
[Site "Litomysl, Domov mladeze VOSP a"]
[Date "2019.12.28"]
[Round "4"]
[White "Kishan, Gangolli"]
[Black "Jedlicka, Ales"]
[Result "1/2-1/2"]
[WhiteElo "2078"]
[BlackElo "2248"]
[PlyCount "48"]
[EventDate "2019.12.26"]

1. d4 Nf6 2. c4 g6 3. Nc3 Bg7 4. e4 d6 5. Be2 O-O 6. Be3 e5 7. d5 Na6 8. g4 Nc5
9. f3 h5 10. g5 Nh7 11. h4 f6 12. gxf6 Bxf6 13. Bf2 a5 14. Qd2 Rf7 15. O-O-O a4
16. Kc2 Ra6 17. Qe1 Bd7 18. Nh3 Be7 19. Qg1 Rg7 20. Be3 Kh8 21. Ng5 Nxg5 22.
hxg5 Kg8 23. Qg3 Bf8 24. Rdf1 Rf7 1/2-1/2

[Event "LITOMYSL OPEN 2019 A - FIDE open"]
[Site "Litomysl, Domov mladeze VOSP a"]
[Date "2019.12.28"]
[Round "4"]
[White "Vaval, Aaditi"]
[Black "Sabol, Marian"]
[Result "1/2-1/2"]
[WhiteElo "1773"]
[BlackElo "2278"]
[PlyCount "49"]
[EventDate "2019.12.26"]

1. e4 c5 2. c3 d6 3. d4 Nf6 4. Bd3 g6 5. h3 Bg7 6. Nf3 O-O 7. O-O Qc7 8. Bg5 h6
9. Be3 b6 10. Qe2 Nc6 11. Nbd2 e5 12. d5 Ne7 13. a4 Ne8 14. Nh2 f5 15. f3 f4
16. Bf2 g5 17. a5 Rb8 18. axb6 axb6 19. Ra2 Nf6 20. Rfa1 h5 21. Ra7 Qd8 22. Ba6
Bd7 23. Bb5 Bc8 24. Ba6 Bd7 25. Bb5 1/2-1/2

[Event "LITOMYSL OPEN 2019 A - FIDE open"]
[Site "Litomysl, Domov mladeze VOSP a"]
[Date "2019.12.28"]
[Round "4"]
[White "Topola, Rafal"]
[Black "Jirousek, Jan"]
[Result "1/2-1/2"]
[WhiteElo "1754"]
[BlackElo "2097"]
[PlyCount "139"]
[EventDate "2019.12.26"]

1. e4 c6 2. d4 d5 3. Nc3 dxe4 4. Nxe4 Nf6 5. Nxf6+ gxf6 6. c3 Bf5 7. Bd3 Bxd3
8. Qxd3 e6 9. Bf4 Bd6 10. Bxd6 Qxd6 11. Nf3 Nd7 12. O-O-O O-O-O 13. Rhe1 Kb8
14. Kb1 Nb6 15. g3 Nd5 16. c4 Ne7 17. Re2 Rd7 18. Red2 h5 19. Qe4 Ng6 20. d5
cxd5 21. cxd5 e5 22. Nh4 Nxh4 23. gxh4 Rdd8 24. Qf5 Rdg8 25. f3 a6 26. a3 Rh6
27. Rc1 Rd8 28. Rcd1 Qd7 29. Qxd7 Rxd7 30. f4 Rg6 31. fxe5 fxe5 32. Re1 f6 33.
Rf1 Kc7 34. Rf5 Rh6 35. Rdf2 Rd6 36. Kc2 b5 37. b4 Kd7 38. Kb3 Ke7 39. Rd2 Rd8
40. a4 Kd6 41. axb5 axb5 42. Rf1 e4 43. Rf5 Re8 44. Rc2 Re5 45. Rxe5 Kxe5 46.
d6 f5 47. Rc5+ Kxd6 48. Rxf5 e3 49. Kc2 Re6 50. Kd1 e2+ 51. Ke1 Re5 52. Rf8 Kd5
53. Rf4 Re4 54. Rxe4 Kxe4 55. Kxe2 Kd4 56. Kd2 Kc4 57. Kc2 Kxb4 58. Kb2 Kc4 59.
Kc2 Kb4 60. Kb2 Kc4 61. Kc2 Kd4 62. Kb3 Ke4 63. Kb4 Kf3 64. Kxb5 Kg4 65. Kc4
Kxh4 66. Kd3 Kh3 67. Ke2 h4 68. Kf1 Kxh2 69. Kf2 h3 70. Kf1 1/2-1/2

[Event "LITOMYSL OPEN 2019 A - FIDE open"]
[Site "Litomysl, Domov mladeze VOSP a"]
[Date "2019.12.28"]
[Round "4"]
[White "Toman, Jan"]
[Black "Macek, Ondrej"]
[Result "1-0"]
[WhiteElo "2091"]
[BlackElo "1934"]
[PlyCount "95"]
[EventDate "2019.12.26"]

1. d4 Nf6 2. c4 c6 3. Nf3 d5 4. Nc3 e6 5. Bg5 Be7 6. e3 O-O 7. Rc1 Nbd7 8. Bd3
b6 9. O-O Bb7 10. cxd5 Nxd5 11. Bxe7 Qxe7 12. Nxd5 exd5 13. Re1 f5 14. a3 Qf6
15. b4 b5 16. Qb3 Kh8 17. a4 a6 18. a5 Rae8 19. Qb1 g6 20. Re2 Re6 21. Rce1
Rfe8 22. Nd2 Qe7 23. f4 Nf6 24. Nf3 Rc8 25. Ne5 Ne8 26. g4 fxg4 27. Rg2 Nd6 28.
Rxg4 Rg8 29. Re2 Nc4 30. Qe1 Bc8 31. Rg3 Rf6 32. Reg2 Bf5 33. Bxf5 Nxe5 34.
dxe5 Rxf5 35. Qc3 d4 36. Qxd4 Rd8 37. Qa1 Kg7 38. h3 Qxb4 39. e6+ Kh6 40. Rg5
Qb3 41. Kh2 Qxe6 42. Qe1 Rxg5 43. Rxg5 Rd3 44. Qh4+ Kg7 45. Re5 Rd2+ 46. Kg3
Qd6 47. Re7+ Kg8 48. Qxh7+ 1-0

[Event "LITOMYSL OPEN 2019 A - FIDE open"]
[Site "Litomysl, Domov mladeze VOSP a"]
[Date "2019.12.28"]
[Round "4"]
[White "Nespor, Ivan"]
[Black "Houska, Bronislav"]
[Result "0-1"]
[WhiteElo "1715"]
[BlackElo "1989"]
[PlyCount "88"]
[EventDate "2019.12.26"]

1. e3 g6 2. Nf3 Bg7 3. d4 c5 4. Bc4 Nf6 5. O-O O-O 6. c3 Qc7 7. Nbd2 d5 8. Be2
Nbd7 9. Re1 e5 10. Bb5 e4 11. Nh4 a6 12. Be2 Ne8 13. g3 f5 14. Ng2 g5 15. dxc5
Nxc5 16. Nb3 Nxb3 17. Qxd5+ Kh8 18. Qxb3 Rf6 19. Rd1 Be6 20. Qa4 Nd6 21. b3 b5
22. Qa3 Bf8 23. Qb2 Rh6 24. Qd2 Nf7 25. Bb2 Ne5 26. c4 bxc4 27. bxc4 Bg7 28.
Rac1 Qf7 29. Bxe5 Bxe5 30. f4 exf3 31. Bxf3 Rc8 32. Qa5 Bf6 33. Bd5 Bxd5 34.
Qxd5 Qh5 35. Qxf5 Qxh2+ 36. Kf2 Rf8 37. Rh1 Qxh1 38. Rxh1 Rxh1 39. g4 Bg7 40.
Kg3 Rxf5 41. gxf5 h5 42. e4 Be5+ 43. Kf3 Rh3+ 44. Ke2 Ra3 0-1

[Event "LITOMYSL OPEN 2019 A - FIDE open"]
[Site "Litomysl, Domov mladeze VOSP a"]
[Date "2019.12.28"]
[Round "4"]
[White "Zerebiec, Maurycy"]
[Black "Zimny, Jakub"]
[Result "1-0"]
[WhiteElo "1983"]
[BlackElo "1404"]
[PlyCount "77"]
[EventDate "2019.12.26"]

1. e4 c5 2. c4 Nc6 3. Nc3 Nf6 4. d3 d6 5. g3 g6 6. Bg2 Bg7 7. Nge2 e5 8. Rb1 a6
9. a3 Rb8 10. b4 cxb4 11. axb4 b5 12. cxb5 axb5 13. O-O O-O 14. h3 Be6 15. Bg5
Qd7 16. Kh2 Rfc8 17. Qd2 Ne8 18. Be3 f5 19. Rfd1 Nf6 20. d4 Ne7 21. dxe5 dxe5
22. Qxd7 Bxd7 23. Bc5 Kf7 24. Bd6 Rb7 25. exf5 Rb6 26. Bc5 Rbb8 27. fxg6+ Nxg6
28. Nd5 Bf5 29. Ra1 Ne4 30. Ra7+ Kg8 31. Bxe4 Bxe4 32. Nec3 Bxd5 33. Rxd5 Bf8
34. Ne4 Bxc5 35. Nf6+ Kf8 36. Nxh7+ Kg8 37. Nf6+ Kf8 38. Nd7+ Ke8 39. Nxc5 1-0

[Event "LITOMYSL OPEN 2019 A - FIDE open"]
[Site "Litomysl, Domov mladeze VOSP a"]
[Date "2019.12.28"]
[Round "4"]
[White "Madajczak, Piotr"]
[Black "Galvanek, Ladislav"]
[Result "1-0"]
[WhiteElo "1612"]
[BlackElo "1966"]
[PlyCount "96"]
[EventDate "2019.12.26"]

1. c4 e6 2. Nc3 d5 3. d4 c5 4. cxd5 exd5 5. Nf3 Nc6 6. g3 Nf6 7. Bg2 Be7 8. O-O
O-O 9. b3 Re8 10. Bb2 Bg4 11. dxc5 Bxc5 12. h3 Bh5 13. g4 Bg6 14. Nb5 Qb6 15.
Nbd4 Ne4 16. Rc1 Rad8 17. e3 Nb4 18. a3 Nc6 19. b4 Bf8 20. Qa4 Rc8 21. Rfd1 a6
22. Ba1 Na7 23. Qb3 Red8 24. Rxc8 Nxc8 25. Ne2 Ncd6 26. Qxd5 Rc8 27. Nh4 Nf6
28. Bxf6 gxf6 29. Nxg6 hxg6 30. Nf4 Kg7 31. g5 fxg5 32. Qxg5 Nb5 33. Qe5+ Qf6
34. Qxf6+ Kxf6 35. Bxb7 Rb8 36. Bxa6 Nxa3 37. b5 Nc4 38. Rd4 Nb6 39. Nd5+ Nxd5
40. Rxd5 Ke6 41. Rd3 Bc5 42. Kg2 Bb6 43. Rc3 Rd8 44. Bb7 Rd6 45. Bc6 g5 46. Ra3
Rd2 47. Kf3 Kd6 48. Ra8 Ke6 1-0

[Event "LITOMYSL OPEN 2019 A - FIDE open"]
[Site "Litomysl, Domov mladeze VOSP a"]
[Date "2019.12.29"]
[Round "5"]
[White "Rokos, Filip"]
[Black "Tyutyunnikov, Alexey"]
[Result "1/2-1/2"]
[WhiteElo "2003"]
[BlackElo "2292"]
[Annotator "Stanice"]
[PlyCount "59"]
[EventDate "2019.12.26"]

1. e4 c5 2. Nf3 e6 3. d4 cxd4 4. Nxd4 Nc6 5. Nc3 d6 6. Be3 Nf6 7. f3 Be7 8. Qd2
O-O 9. O-O-O a6 10. g4 Nd7 11. h4 Nde5 12. Nxc6 Nxc6 13. g5 b5 14. h5 Qa5 15.
Kb1 b4 16. Ne2 d5 17. Nd4 Bb7 18. g6 Bf6 19. gxf7+ Rxf7 20. Bh3 Nxd4 21. Bxd4
Re8 22. e5 Bd8 23. f4 b3 {=} 24. Qxa5 bxc2+ 25. Kxc2 Bxa5 26. Rhf1 Bc6 27. Rf2
Bd7 28. Kd3 Rc8 29. Ke3 Re7 30. Rg1 1/2-1/2

[Event "LITOMYSL OPEN 2019 A - FIDE open"]
[Site "Litomysl, Domov mladeze VOSP a"]
[Date "2019.12.29"]
[Round "5"]
[White "Khulapov, Vyacheslav"]
[Black "Chudinovskikh, Alexander M"]
[Result "1/2-1/2"]
[WhiteElo "2065"]
[BlackElo "2157"]
[PlyCount "34"]
[EventDate "2019.12.26"]

1. e4 e5 2. Nf3 Nc6 3. d4 exd4 4. Bc4 Nf6 5. O-O Nxe4 6. Re1 d5 7. Bxd5 Qxd5 8.
Nc3 Qh5 9. Nxe4 Be6 10. Bg5 Bd6 11. Nxd6+ cxd6 12. Bf4 O-O-O 13. Nxd4 Qxd1 14.
Raxd1 Nxd4 15. Rxd4 d5 16. Re3 Rd7 17. Rc3+ Kd8 1/2-1/2

[Event "LITOMYSL OPEN 2019 A - FIDE open"]
[Site "Litomysl, Domov mladeze VOSP a"]
[Date "2019.12.29"]
[Round "5"]
[White "Jedlicka, Ales"]
[Black "Zerebiec, Maurycy"]
[Result "0-1"]
[WhiteElo "2248"]
[BlackElo "1983"]
[PlyCount "62"]
[EventDate "2019.12.26"]

1. d4 f5 2. g3 Nf6 3. Bg2 d5 4. c4 c6 5. Nf3 e6 6. O-O Bd6 7. b3 Qe7 8. Ne5 O-O
9. Nd2 Nbd7 10. Ndf3 Ne4 11. Bf4 Ndf6 12. Rc1 Nh5 13. Nd3 Nxf4 14. gxf4 Kh8 15.
Nfe5 Rg8 16. f3 Nf6 17. Kh1 Bd7 18. e3 g5 19. fxg5 Rxg5 20. Nf4 Rag8 21. Rc2
Be8 22. Qe1 Nh5 23. Nxh5 Bxh5 24. Qh4 Bxe5 25. dxe5 Bxf3 26. Bxf3 Rg1+ 27. Rxg1
Rxg1+ 28. Kxg1 Qxh4 29. cxd5 Qe1+ 30. Kg2 exd5 31. Bh5 Qxe3 0-1

[Event "LITOMYSL OPEN 2019 A - FIDE open"]
[Site "Litomysl, Domov mladeze VOSP a"]
[Date "2019.12.29"]
[Round "5"]
[White "Houska, Bronislav"]
[Black "Toman, Jan"]
[Result "0-1"]
[WhiteElo "1989"]
[BlackElo "2091"]
[PlyCount "82"]
[EventDate "2019.12.26"]

1. c4 Nf6 2. g3 g6 3. Bg2 Bg7 4. Nc3 c6 5. e4 d6 6. Nge2 e5 7. d3 O-O 8. O-O a6
9. Rb1 b5 10. a3 Nbd7 11. h3 Rb8 12. Be3 Qe7 13. b4 Bb7 14. Qb3 Kh8 15. Kh2 Ne8
16. cxb5 axb5 17. d4 exd4 18. Bxd4 Ne5 19. Rbd1 Ra8 20. Bxe5 dxe5 21. Rd3 Bc8
22. Rfd1 Be6 23. Qb2 Qa7 24. Nc1 Qxa3 25. Qb1 Qa7 26. Nb3 Bc4 27. Rf3 Qe7 28.
Nc5 Nd6 29. Bf1 Bxf1 30. Rxf1 f5 31. Kg2 fxe4 32. Rxf8+ Qxf8 33. N3xe4 Ra3 34.
Ng5 h6 35. Qc1 Nc4 36. Nge6 Qf3+ 37. Kg1 Ne3 38. fxe3 Qxg3+ 39. Kh1 Qxh3+ 40.
Kg1 Qg3+ 41. Kh1 Ra2 0-1

[Event "LITOMYSL OPEN 2019 A - FIDE open"]
[Site "Litomysl, Domov mladeze VOSP a"]
[Date "2019.12.29"]
[Round "5"]
[White "Madajczak, Piotr"]
[Black "Kishan, Gangolli"]
[Result "0-1"]
[WhiteElo "1612"]
[BlackElo "2078"]
[Annotator "Stanice"]
[PlyCount "86"]
[EventDate "2019.12.26"]

1. c4 Nf6 2. Nc3 e6 3. Nf3 d5 4. cxd5 exd5 5. d4 c6 6. Bg5 Be7 7. Qc2 g6 8. e3
Bf5 9. Bd3 Bxd3 10. Qxd3 Nbd7 11. Rb1 O-O 12. O-O Re8 13. b4 a6 14. a4 Ne4 15.
Bxe7 Qxe7 16. Nd2 Nxd2 17. Qxd2 Nb6 18. Qa2 Qg5 19. Ne2 Nc4 20. Nf4 Qf5 21.
Rfd1 h5 22. Rb3 Qg5 23. Qc2 Kg7 24. b5 axb5 25. axb5 Qe7 26. bxc6 bxc6 27. Nd3
Reb8 28. Rxb8 Rxb8 29. Qa4 Qb7 30. g3 Re8 31. Qb4 Qa7 $11 32. Nc5 Qa2 33. Qb7
Ra8 34. Qb1 Qe2 35. Re1 Qf3 36. Qd1 Qf6 37. Kg2 h4 38. Qg4 h3+ 39. Qxh3 Ra2 40.
Rf1 Nxe3+ 41. Kg1 Nxf1 42. Qxf1 Qxd4 43. Nd3 Ra1 0-1

[Event "LITOMYSL OPEN 2019 A - FIDE open"]
[Site "Litomysl, Domov mladeze VOSP a"]
[Date "2019.12.29"]
[Round "5"]
[White "Sabol, Marian"]
[Black "Brozka, Karel"]
[Result "1/2-1/2"]
[WhiteElo "2278"]
[BlackElo "1918"]
[PlyCount "65"]
[EventDate "2019.12.26"]

1. d4 Nf6 2. Bg5 Ne4 3. Bh4 d5 4. f3 Nf6 5. c4 e6 6. Nc3 Be7 7. Bf2 c5 8. e4
cxd4 9. Bxd4 dxe4 10. fxe4 Nc6 11. Nf3 Nxd4 12. Qxd4 Qxd4 13. Nxd4 Bd7 14. a3
Bc5 15. Nb3 Bd6 16. Be2 Be5 17. Bf3 Rc8 18. Nd2 Bxc3 19. bxc3 e5 20. Ke2 Ke7
21. Ke3 Be6 22. Rhb1 Rc7 23. Rb5 Nd7 24. Be2 b6 25. Rf1 f6 26. Rb4 Rhc8 27. h4
Nc5 28. g4 Nb7 29. g5 Nd6 30. gxf6+ gxf6 31. Rg1 Kf8 32. Rf1 Ke7 33. Rg1
1/2-1/2

[Event "LITOMYSL OPEN 2019 A - FIDE open"]
[Site "Litomysl, Domov mladeze VOSP a"]
[Date "2019.12.29"]
[Round "5"]
[White "Svanda, Adam"]
[Black "Svanda, Ondrej"]
[Result "0-1"]
[WhiteElo "1777"]
[BlackElo "2258"]
[PlyCount "52"]
[EventDate "2019.12.26"]

1. c4 e5 2. Nc3 Nc6 3. g3 f5 4. Bg2 Nf6 5. Nf3 g6 6. O-O Bg7 7. d3 O-O 8. a3 d6
9. b4 h6 10. b5 Ne7 11. a4 g5 12. Bd2 Qe8 13. Rb1 Qh5 14. h3 g4 15. hxg4 Nxg4
16. Nd5 Nxd5 17. cxd5 Bf6 18. Rc1 e4 19. Nh4 Bxh4 20. gxh4 exd3 21. Rxc7 f4 22.
exd3 Qxh4 23. Re1 Qxf2+ 24. Kh1 Qh4+ 25. Kg1 Qh2+ 26. Kf1 f3 0-1

[Event "LITOMYSL OPEN 2019 A - FIDE open"]
[Site "Litomysl, Domov mladeze VOSP a"]
[Date "2019.12.29"]
[Round "5"]
[White "Jirousek, Jan"]
[Black "Kosior, Jan"]
[Result "0-1"]
[WhiteElo "2097"]
[BlackElo "1537"]
[PlyCount "64"]
[EventDate "2019.12.26"]

1. c4 e5 2. Nc3 b6 3. Nf3 Nc6 4. d4 exd4 5. Nxd4 Bb7 6. e4 g6 7. Be3 Bg7 8. Be2
Nge7 9. Qd2 O-O 10. O-O Nxd4 11. Bxd4 Bxd4 12. Qxd4 Nc6 13. Qd2 d6 14. f4 Ne7
15. f5 f6 16. fxg6 Nxg6 17. Rf5 Qe7 18. Raf1 Rae8 19. Bd3 Kh8 20. Qf2 Ne5 21.
Be2 Ng6 22. Bh5 Kg7 23. Re1 Qe6 24. b3 a6 25. Bf3 Re7 26. Ne2 Rfe8 27. Ng3 Kh8
28. Nh5 Qxf5 29. exf5 Rxe1+ 30. Qxe1 Rxe1+ 31. Kf2 Bxf3 32. gxf3 Re5 0-1

[Event "LITOMYSL OPEN 2019 A - FIDE open"]
[Site "Litomysl, Domov mladeze VOSP a"]
[Date "2019.12.29"]
[Round "5"]
[White "Jakl, Ales"]
[Black "Topola, Rafal"]
[Result "1/2-1/2"]
[WhiteElo "2018"]
[BlackElo "1754"]
[PlyCount "66"]
[EventDate "2019.12.26"]

1. d4 d5 2. Nf3 Nf6 3. Bf4 c5 4. Be5 e6 5. c3 Nc6 6. e3 Nxe5 7. Nxe5 Qb6 8. Qb3
c4 9. Qa4+ Nd7 10. Nxd7 Bxd7 11. Qc2 Bd6 12. f4 Qc7 13. Nd2 f6 14. Be2 b5 15.
a3 a5 16. O-O O-O 17. Bf3 Bc6 18. g3 f5 19. Rfc1 a4 20. Nf1 Qe7 21. h3 Rf7 22.
Re1 Qf6 23. Re2 Kf8 24. Rg2 Qh6 25. h4 g6 26. Nh2 Ke7 27. Qf2 Rg8 28. Kh1 Qf8
29. g4 Rfg7 30. Rg3 Be8 31. Qg2 h5 32. g5 Kd8 33. Be2 Qe7 1/2-1/2

[Event "LITOMYSL OPEN 2019 A - FIDE open"]
[Site "Litomysl, Domov mladeze VOSP a"]
[Date "2019.12.29"]
[Round "5"]
[White "Tereschenko, Valerij"]
[Black "Vaval, Aaditi"]
[Result "1-0"]
[WhiteElo "1954"]
[BlackElo "1773"]
[PlyCount "77"]
[EventDate "2019.12.26"]

1. d4 d5 2. Nf3 c5 3. e3 Bg4 4. c4 e6 5. cxd5 exd5 6. Bb5+ Nc6 7. Qa4 Bd7 8.
Nc3 Nf6 9. Ne5 Qc7 10. Nxd7 Qxd7 11. O-O cxd4 12. exd4 Be7 13. Re1 O-O 14. Bg5
h6 15. Bh4 Rfe8 16. Re2 a6 17. Bxc6 Qxc6 18. Qxc6 bxc6 19. Rae1 Kf8 20. Na4 g5
21. Bg3 Ne4 22. Be5 Bb4 23. Rc1 Re6 24. a3 Bd2 25. Rc2 Ba5 26. b4 Bd8 27. f3
Nf6 28. Nc5 Re8 29. Kf2 Ra7 30. a4 Be7 31. Nd3 Rc8 32. b5 axb5 33. axb5 Ra3 34.
Nc5 Bxc5 35. Rxc5 Nd7 36. Bd6+ Kg7 37. Rxc6 Rxc6 38. bxc6 Nb6 39. Bxa3 1-0

[Event "LITOMYSL OPEN 2019 A - FIDE open"]
[Site "Litomysl, Domov mladeze VOSP a"]
[Date "2019.12.29"]
[Round "6"]
[White "Tyutyunnikov, Alexey"]
[Black "Kishan, Gangolli"]
[Result "1/2-1/2"]
[WhiteElo "2292"]
[BlackElo "2078"]
[PlyCount "42"]
[EventDate "2019.12.26"]

1. e4 e6 2. d4 d5 3. Nc3 Bb4 4. e5 c5 5. a3 Ba5 6. b4 cxd4 7. Nb5 Bc7 8. f4 Bd7
9. Nf3 Bxb5 10. Bxb5+ Nc6 11. Nxd4 Nge7 12. Be3 O-O 13. Nxc6 Nxc6 14. O-O Bb6
15. Qd2 Rc8 16. Bd3 f6 17. exf6 Rxf6 18. Kh1 Ne7 19. c3 Nf5 20. Bxf5 Rxf5 21.
g4 Rf7 1/2-1/2

[Event "LITOMYSL OPEN 2019 A - FIDE open"]
[Site "Litomysl, Domov mladeze VOSP a"]
[Date "2019.12.29"]
[Round "6"]
[White "Chudinovskikh, Alexander M"]
[Black "Zerebiec, Maurycy"]
[Result "1/2-1/2"]
[WhiteElo "2157"]
[BlackElo "1983"]
[PlyCount "48"]
[EventDate "2019.12.26"]

1. e4 e6 2. d4 d5 3. exd5 exd5 4. Nf3 Bd6 5. c4 c6 6. cxd5 cxd5 7. Bd3 Ne7 8.
O-O O-O 9. Qc2 h6 10. h3 Nbc6 11. a3 Be6 12. Re1 Rc8 13. Nc3 a6 14. Be3 Qc7 15.
Qd2 Na5 16. Bxh6 f6 17. Rad1 Kf7 18. Qe2 Bd7 19. Bd2 Nac6 20. Qf1 Rh8 21. Re3
Bg4 22. Rde1 Bxf3 23. Rxf3 Nxd4 24. Rfe3 Nef5 1/2-1/2

[Event "LITOMYSL OPEN 2019 A - FIDE open"]
[Site "Litomysl, Domov mladeze VOSP a"]
[Date "2019.12.29"]
[Round "6"]
[White "Toman, Jan"]
[Black "Rokos, Filip"]
[Result "1/2-1/2"]
[WhiteElo "2091"]
[BlackElo "2003"]
[Annotator "Stanice"]
[PlyCount "41"]
[EventDate "2019.12.26"]

1. d4 Nf6 2. c4 e6 3. Nf3 d5 4. Nc3 Be7 5. Bg5 h6 6. Bh4 O-O 7. e3 b6 8. Rc1
Bb7 9. Bxf6 Bxf6 10. cxd5 exd5 11. Bd3 Qe7 12. O-O c5 13. Re1 Nd7 14. e4 cxd4
15. Nxd5 Bxd5 16. exd5 Qd6 17. Bc4 Ne5 18. Nxe5 Bxe5 19. g3 Rac8 $11 20. Qh5
Bf6 21. Bd3 1/2-1/2

[Event "LITOMYSL OPEN 2019 A - FIDE open"]
[Site "Litomysl, Domov mladeze VOSP a"]
[Date "2019.12.29"]
[Round "6"]
[White "Khulapov, Vyacheslav"]
[Black "Tereschenko, Valerij"]
[Result "1-0"]
[WhiteElo "2065"]
[BlackElo "1954"]
[PlyCount "63"]
[EventDate "2019.12.26"]

1. Nf3 Nf6 2. g3 g6 3. Bg2 Bg7 4. O-O O-O 5. d3 d5 6. Nbd2 Nbd7 7. e4 dxe4 8.
dxe4 e5 9. Qe2 c6 10. a4 a5 11. Rd1 Qc7 12. h3 b6 13. b3 Ba6 14. Qe3 Rfd8 15.
Bb2 Bf8 16. Bf1 Bxf1 17. Kxf1 Re8 18. Kg2 b5 19. Ra2 h6 20. Rda1 Kh7 21. axb5
cxb5 22. Qc3 Qb6 23. Rxa5 b4 24. Qc4 Rxa5 25. Qxf7+ Bg7 26. Nc4 Qc6 27. Rxa5
Rf8 28. Qxg6+ Kxg6 29. Nfxe5+ Nxe5 30. Nxe5+ Kh7 31. Nxc6 Nxe4 32. Ra7 1-0

[Event "LITOMYSL OPEN 2019 A - FIDE open"]
[Site "Litomysl, Domov mladeze VOSP a"]
[Date "2019.12.29"]
[Round "6"]
[White "Svanda, Ondrej"]
[Black "Kosior, Jan"]
[Result "1-0"]
[WhiteElo "2258"]
[BlackElo "1537"]
[PlyCount "79"]
[EventDate "2019.12.26"]

1. Nf3 Nf6 2. g3 g6 3. Bg2 Bg7 4. O-O O-O 5. c4 c5 6. Nc3 Nc6 7. d4 cxd4 8.
Nxd4 Nxd4 9. Qxd4 d6 10. Qd3 Rb8 11. Bd2 b6 12. Rac1 Bb7 13. e4 Nd7 14. b3 Nc5
15. Qe2 a6 16. Rfd1 Qc7 17. Bf4 Ne6 18. Be3 Nc5 19. b4 Nd7 20. Nd5 Bxd5 21.
cxd5 Qb7 22. Bh3 a5 23. Bxd7 Qxd7 24. b5 Rfc8 25. Rc6 Rxc6 26. bxc6 Qc7 27. Qb5
Bc3 28. a3 e5 29. Rd3 Ba1 30. a4 h5 31. h4 f6 32. Qb1 Bd4 33. Bxd4 exd4 34.
Rxd4 Kg7 35. Rc4 g5 36. hxg5 fxg5 37. e5 Qf7 38. exd6 Qxd5 39. Qb2+ Kg6 40. Qd4
1-0